00373 a2200109 4500001001000000005001700010008004100027245009000068100002100158773006700179999001700246ART_1224520260410161904.0260409a 10aOn the efficient estimation methods for the macro-economic models nonlinear variables1 aHatanaka, Michio0 tJournal of econometricsg- Vol. 8, NÂș 3 (dic. 1978)wREV11720 c26206d26206